El lugar de la lingüística aplicada / (Record no. 112274)

MARC details
000 -LEADER
campo de control de longitud fija 00644nam a2200181 4500
001 - NÚMERO DE CONTROL
campo de control 112274
003 - IDENTIFICADOR DE NÚMERO DE CONTROL
campo de control ES-MaACL
005 - FECHA Y HORA DE LA ÚLTIMA TRANSACCIÓN
campo de control 20230906185507.0
007 - CAMPO FIJO DE DESCRIPCIÓN FÍSICA--INFORMACIÓN GENERAL
campo de control de longitud fija t|
008 - DATOS DE LONGITUD FIJA--INFORMACIÓN GENERAL
campo de control de longitud fija 061121s1983 sp r ||||1| spa d
100 1# - ENTRADA PRINCIPAL--NOMBRE DE PERSONA
Nombre de persona Muñoz Cortés, Manuel.
9 (RLIN) 84379
245 13 - MENCIÓN DEL TÍTULO
Título El lugar de la lingüística aplicada /
Mención de responsabilidad, etc. Manuel Muñoz Cortés.
260 ## - PUBLICACIÓN, DISTRIBUCIÓN, ETC.
Lugar de publicación, distribución, etc. Murcia :
Nombre del editor, distribuidor, etc. Universidad,
Fecha de publicación, distribución, etc. 1983.
300 ## - DESCRIPCIÓN FÍSICA
Extensión 16 h. ;
Dimensiones 22 cm.
500 ## - NOTA GENERAL
Nota general Es tirada aparte de las Actas de AESLA de la Universidad de Murcia, págs. 17-47.
500 ## - NOTA GENERAL
Nota general Precede al tit. : Actas del Primer Congreso Nacional de Lingüística Aplicada.
852 ## - LOCALIZACIÓN
Ubicación ES-MaACL
Número de control de estantería 2128-F-15
Sublocalización o colección R.106206
Holdings
Estatus retirado Estado de pérdida Estado de daño No para préstamo Colección Biblioteca de origen Biblioteca actual Ubicación en estantería Fecha de adquisición Fuente de adquisición Total de préstamos Signatura topográfica completa Código de barras Visto por última vez Precio de reemplazo Tipo de ítem Koha
        Colección de folletos Biblioteca del Ateneo de Madrid Biblioteca del Ateneo de Madrid Depósito folletos 17/01/2008     2128-F-15 1117117 23/02/2023 23/02/2023 Folleto